Средние века и новое время; История южных и западных славян

Dettagli Bibliografici
Parent link:История южных и западных славян: Учебник для вузов/ Под ред. Г. Ф. Матвеева и З. С. Ненашевой. Т. 1.— , 1998
Lingua:russo
Pubblicazione: 1998
Soggetti:
Natura: MixedMaterials Libro
KOHA link:https://koha.lib.tpu.ru/cgi-bin/koha/opac-detail.pl?biblionumber=12028

MARC

LEADER 00000nam0a2200000 4500
001 12028
005 20231101204815.0
010 |a 5211035895 
035 |a (RuTPU)RU\TPU\book\12102 
035 |a BOOK00012168 
090 |a 12028 
100 |a 20011209d1998 m y0rusy50 ca 
101 0 |a rus 
102 |a RU 
105 |a y j 000zy 
200 1 |a Средние века и новое время 
210 |d 1998 
215 |a 688 с. 
461 |t История южных и западных славян  |o Учебник для вузов  |f Под ред. Г. Ф. Матвеева и З. С. Ненашевой  |v Т. 1  |d 1998 
606 1 |a Славяне  |x История  |2 stltpush  |3 (RuTPU)RU\TPU\subj\68087  |9 83625 
610 1 |a южные славяне 
610 1 |a западные славяне 
610 1 |a средние века 
610 1 |a новая история 
610 1 |a учебные пособия 
686 |a Т3(49=41)я73  |v LBC/SL-A  |2 rubbk 
801 0 |a RU  |b 63413507  |c 20011209  |g PSBO 
801 2 |a RU  |b 63413507  |c 20130418  |g PSBO 
942 |c BK